<?xml version="1.0" encoding="UTF-8"?>
<record
    xmlns:xsi="http://www.w3.org/2001/XMLSchema-instance"
    xsi:schemaLocation="http://www.loc.gov/MARC21/slim http://www.loc.gov/standards/marcxml/schema/MARC21slim.xsd"
    xmlns="http://www.loc.gov/MARC21/slim">

  <leader>01313nam a2200229Ia 4500</leader>
  <datafield tag="999" ind1=" " ind2=" ">
    <subfield code="c">37462</subfield>
    <subfield code="d">37462</subfield>
  </datafield>
  <controlfield tag="001">3423</controlfield>
  <controlfield tag="003">GE_BSU</controlfield>
  <controlfield tag="005">20190613193538.0</controlfield>
  <controlfield tag="008">181216s||||||||xx |||||||||||||| ||und||</controlfield>
  <datafield tag="020" ind1=" " ind2=" ">
    <subfield code="a">9789994025596</subfield>
  </datafield>
  <datafield tag="040" ind1=" " ind2=" ">
    <subfield code="c">GE_BSU</subfield>
  </datafield>
  <datafield tag="080" ind1=" " ind2=" ">
    <subfield code="a">634.32</subfield>
  </datafield>
  <datafield tag="100" ind1=" " ind2=" ">
    <subfield code="a">&#x10DA;&#x10D0;&#x10DB;&#x10DE;&#x10D0;&#x10E0;&#x10D0;&#x10EB;&#x10D4;, &#x10E8;&#x10DD;&#x10D7;&#x10D0;. </subfield>
    <subfield code="9">1795</subfield>
  </datafield>
  <datafield tag="245" ind1=" " ind2=" ">
    <subfield code="a">&#x10DB;&#x10D0;&#x10DC;&#x10D3;&#x10D0;&#x10E0;&#x10D8;&#x10DC;&#x10D8;&#x10E1; &#x10E1;&#x10D0;&#x10D0;&#x10D3;&#x10E0;&#x10D4;&#x10DD; &#x10EF;&#x10D8;&#x10E8;&#x10D8;&#x10E1;-&#x10E2;&#x10D8;&#x10D0;&#x10EE;&#x10D0;&#x10E0;&#x10D0; &#x10E3;&#x10DC;&#x10E8;&#x10D8;&#x10E3;&#x10E1; &#x10DB;&#x10DD;&#x10D5;&#x10DA;&#x10D0;-&#x10DB;&#x10DD;&#x10E7;&#x10D5;&#x10D0;&#x10DC;&#x10D8;&#x10E1; &#x10DE;&#x10E0;&#x10DD;&#x10D2;&#x10E0;&#x10D4;&#x10E1;&#x10E3;&#x10DA;&#x10D8; &#x10E2;&#x10D4;&#x10E5;&#x10DC;&#x10DD;&#x10DA;&#x10DD;&#x10D2;&#x10D8;&#x10D4;&#x10D1;&#x10D8; : </subfield>
    <subfield code="b">(&#x10E4;&#x10D4;&#x10E0;&#x10DB;&#x10D4;&#x10E0;&#x10D7;&#x10D0; &#x10D3;&#x10D0;&#x10E1;&#x10D0;&#x10EE;&#x10DB;&#x10D0;&#x10E0;&#x10D4;&#x10D1;&#x10DA;&#x10D0;&#x10D3;) /</subfield>
    <subfield code="c">&#x10E8;&#x10DD;&#x10D7;&#x10D0; &#x10DA;&#x10D0;&#x10DB;&#x10DE;&#x10D0;&#x10E0;&#x10D0;&#x10EB;&#x10D4;, &#x10E0;&#x10D4;&#x10D6;&#x10DD; &#x10EF;&#x10D0;&#x10D1;&#x10DC;&#x10D8;&#x10EB;&#x10D4; ; &#x10E0;&#x10D4;&#x10D3;. &#x10DD;&#x10D7;&#x10D0;&#x10E0; &#x10E8;&#x10D0;&#x10D8;&#x10DC;&#x10D8;&#x10EB;&#x10D4;.</subfield>
  </datafield>
  <datafield tag="264" ind1=" " ind2=" ">
    <subfield code="a">&#x10D1;&#x10D0;&#x10D7;&#x10E3;&#x10DB;&#x10D8; : </subfield>
    <subfield code="b">&#x10E8;&#x10DD;&#x10D7;&#x10D0; &#x10E0;&#x10E3;&#x10E1;&#x10D7;&#x10D0;&#x10D5;&#x10D4;&#x10DA;&#x10D8;&#x10E1; &#x10E3;&#x10DC;-&#x10E2;&#x10D8;&#x10E1; &#x10D2;&#x10D0;&#x10DB;-&#x10D1;&#x10D0;,</subfield>
    <subfield code="c">2008. </subfield>
  </datafield>
  <datafield tag="300" ind1=" " ind2=" ">
    <subfield code="a">54 &#x10D2;&#x10D5;. :</subfield>
    <subfield code="b">&#x10E4;&#x10DD;&#x10E2;. ; </subfield>
    <subfield code="c">20 &#x10E1;&#x10DB;.</subfield>
  </datafield>
  <datafield tag="653" ind1=" " ind2=" ">
    <subfield code="a">&#x10DB;&#x10D0;&#x10DC;&#x10D3;&#x10D0;&#x10E0;&#x10D8;&#x10DC;&#x10D8;&#x10E1; &#x10DB;&#x10DD;&#x10D5;&#x10DA;&#x10D0;-&#x10DB;&#x10DD;&#x10E7;&#x10D5;&#x10D0;&#x10DC;&#x10D8;&#x10E1; &#x10E2;&#x10D4;&#x10E5;&#x10DC;&#x10DD;&#x10DA;&#x10DD;&#x10D2;&#x10D8;&#x10D4;&#x10D1;&#x10D8;</subfield>
  </datafield>
  <datafield tag="653" ind1=" " ind2=" ">
    <subfield code="a">&#x10DB;&#x10D0;&#x10DC;&#x10D3;&#x10D0;&#x10E0;&#x10D8;&#x10DC;&#x10D8;&#x10E1; &#x10EF;&#x10D8;&#x10E8;&#x10D4;&#x10D1;&#x10D8;</subfield>
  </datafield>
  <datafield tag="700" ind1=" " ind2=" ">
    <subfield code="a">&#x10EF;&#x10D0;&#x10D1;&#x10DC;&#x10D8;&#x10EB;&#x10D4;, &#x10E0;&#x10D4;&#x10D6;&#x10DD;</subfield>
    <subfield code="e">&#x10D0;&#x10D5;&#x10E2;&#x10DD;&#x10E0;&#x10D8;</subfield>
    <subfield code="9">2484</subfield>
  </datafield>
  <datafield tag="700" ind1=" " ind2=" ">
    <subfield code="a">&#x10E8;&#x10D0;&#x10D8;&#x10DC;&#x10D8;&#x10EB;&#x10D4;, &#x10DD;&#x10D7;&#x10D0;&#x10E0; </subfield>
    <subfield code="e">&#x10E0;&#x10D4;&#x10D3;&#x10D0;&#x10E5;&#x10E2;&#x10DD;&#x10E0;&#x10D8;</subfield>
    <subfield code="9">1155</subfield>
  </datafield>
  <datafield tag="942" ind1=" " ind2=" ">
    <subfield code="c">BK</subfield>
    <subfield code="2">udc</subfield>
  </datafield>
  <datafield tag="952" ind1=" " ind2=" ">
    <subfield code="0">0</subfield>
    <subfield code="1">0</subfield>
    <subfield code="2">udc</subfield>
    <subfield code="4">0</subfield>
    <subfield code="6">63432_&#x10DA;20</subfield>
    <subfield code="7">0</subfield>
    <subfield code="9">37589</subfield>
    <subfield code="a">CPL</subfield>
    <subfield code="b">CPL</subfield>
    <subfield code="c">GEN</subfield>
    <subfield code="d">2018-12-17</subfield>
    <subfield code="o">634.32 &#x10DA;&#x2013;20</subfield>
    <subfield code="p">4908</subfield>
    <subfield code="r">2018-12-17</subfield>
    <subfield code="t">4908</subfield>
    <subfield code="w">2018-12-17</subfield>
    <subfield code="y">BK</subfield>
    <subfield code="z"> </subfield>
  </datafield>
  <datafield tag="952" ind1=" " ind2=" ">
    <subfield code="0">0</subfield>
    <subfield code="1">0</subfield>
    <subfield code="2">udc</subfield>
    <subfield code="4">0</subfield>
    <subfield code="6">63432_&#x10DA;20</subfield>
    <subfield code="7">0</subfield>
    <subfield code="9">37590</subfield>
    <subfield code="a">CPL</subfield>
    <subfield code="b">CPL</subfield>
    <subfield code="c">CART</subfield>
    <subfield code="d">2018-12-17</subfield>
    <subfield code="o">634.32 &#x10DA;&#x2013;20</subfield>
    <subfield code="p">4909</subfield>
    <subfield code="r">2018-12-17</subfield>
    <subfield code="t">4909</subfield>
    <subfield code="w">2018-12-17</subfield>
    <subfield code="y">BK</subfield>
    <subfield code="z"> </subfield>
  </datafield>
  <datafield tag="952" ind1=" " ind2=" ">
    <subfield code="0">0</subfield>
    <subfield code="1">0</subfield>
    <subfield code="2">udc</subfield>
    <subfield code="4">0</subfield>
    <subfield code="6">63432_&#x10DA;20</subfield>
    <subfield code="7">0</subfield>
    <subfield code="9">37591</subfield>
    <subfield code="a">CPL</subfield>
    <subfield code="b">CPL</subfield>
    <subfield code="c">GEN</subfield>
    <subfield code="d">2018-12-17</subfield>
    <subfield code="o">634.32 &#x10DA;&#x2013;20</subfield>
    <subfield code="p">4910</subfield>
    <subfield code="r">2018-12-17</subfield>
    <subfield code="t">4910</subfield>
    <subfield code="w">2018-12-17</subfield>
    <subfield code="y">BK</subfield>
    <subfield code="z"> </subfield>
  </datafield>
  <datafield tag="952" ind1=" " ind2=" ">
    <subfield code="0">0</subfield>
    <subfield code="1">0</subfield>
    <subfield code="2">udc</subfield>
    <subfield code="4">0</subfield>
    <subfield code="6">63432_&#x10DA;20</subfield>
    <subfield code="7">0</subfield>
    <subfield code="9">37592</subfield>
    <subfield code="a">CPL</subfield>
    <subfield code="b">CPL</subfield>
    <subfield code="c">GEN</subfield>
    <subfield code="d">2018-12-17</subfield>
    <subfield code="o">634.32 &#x10DA;&#x2013;20</subfield>
    <subfield code="p">4911</subfield>
    <subfield code="r">2018-12-17</subfield>
    <subfield code="t">4911</subfield>
    <subfield code="w">2018-12-17</subfield>
    <subfield code="y">BK</subfield>
    <subfield code="z"> </subfield>
  </datafield>
  <datafield tag="952" ind1=" " ind2=" ">
    <subfield code="0">0</subfield>
    <subfield code="1">0</subfield>
    <subfield code="2">udc</subfield>
    <subfield code="4">0</subfield>
    <subfield code="6">63432_&#x10DA;20</subfield>
    <subfield code="7">0</subfield>
    <subfield code="9">37593</subfield>
    <subfield code="a">CPL</subfield>
    <subfield code="b">CPL</subfield>
    <subfield code="c">GEN</subfield>
    <subfield code="d">2018-12-17</subfield>
    <subfield code="o">634.32 &#x10DA;&#x2013;20</subfield>
    <subfield code="p">4912</subfield>
    <subfield code="r">2018-12-17</subfield>
    <subfield code="t">4912</subfield>
    <subfield code="w">2018-12-17</subfield>
    <subfield code="y">BK</subfield>
    <subfield code="z"> </subfield>
  </datafield>
</record>
